000 01368nam0a2200325 4500
001 RU\NLR\bibl\2076477
005 20260406024120.0
010 _a978-5-09-031474-9
_93000
021 _aRU
_b2013-66345
_94542
035 _a(NLR Aleph) 002071571
090 _a4761068
_c4761068
100 _a20130927d2013 |||y0rusy50 ca
101 0 _arus
102 _aRU
105 _aa zzzz|||||
200 1 _aБукварь
_e1 класс
_eучебник для специальных (коррекционных) образовательных учреждений VIII вида
_fА.К. Аксенова, С.В. Комарова, М.И. Шишкова
205 _a2-е изд., исправ.
210 _aМосква
_cПросвещение
_d2013
215 _a187, [2] с.
_cцв. ил.
_d27
606 1 _aРусский язык
_jБуквари
_91533567
_3RU\NLR\AUTH\66969347
686 _aШ141.12-921б
700 1 _aАксенова
_bА. К.
_gАлевтина Константиновна
_4070
701 1 _4070
_7ca
_8rus
_aКомарова
_bС. В.
_cканд. пед. наук
_gСофья Вадимовна
_9108595
_3RU\NLR\auth\77125670
701 1 _aШишкова
_bМ. И.
_gМаргарита Игоревна
_4070
801 0 _aRU
_bNLR
_c20130927
_gRCR
801 1 _aRU
_bNLR
_c20130927
942 _cBOOK
980 _aNB